000 00213 a2200109 4500
020 _a9788423657308
041 _aspa
100 _aMacia, Cristina
245 _aUna casa con encanto
942 _cBK
952 _74
999 _c19228
_d19228